[Event "C.to Provinciale BI-VC"]
[Site "Valle Mosso ITA"]
[Date "2010.03.26"]
[Round "2"]
[White "Lavino, Stefano"]
[Black "Santo, Elena"]
[Result "1-0"]
[WhiteElo "1755"]
[BlackElo "1455"]
[PlyCount "39"]
[EventDate "2010.03.12"]

1. d4 d5 2. Nf3 Nc6 3. c4 dxc4 4. Qa4 Bd7 5. Qxc4 f5 6. Nc3 e6 7. g3 Qf6 8. Bg5
Qf7 9. Bg2 Be7 10. Bf4 O-O-O 11. Ne5 Qf6 12. O-O Na5 13. Qd3 Bd6 14. Nxd7 Rxd7
15. Qb5 b6 16. Bxd6 Rxd6 17. Qa6+ Kb8 18. Nb5 Rd7 19. Qxa7+ Kc8 20. Qa8# 1-0

[Event "C.to Provinciale BI-VC"]
[Site "Valle Mosso ITA"]
[Date "2010.03.26"]
[Round "2"]
[White "Mehmedovic, Dzevad"]
[Black "Stefanini, Niccolo'"]
[Result "1-0"]
[WhiteElo "1410"]
[BlackElo "1464"]
[PlyCount "135"]
[EventDate "2010.03.12"]

1. d4 d5 2. e3 Nf6 3. Nf3 Bf5 4. Bd3 Bg6 5. Nc3 Nbd7 6. h3 c5 7. a3 e6 8. Bxg6
hxg6 9. Bd2 Qc7 10. Qe2 Bd6 11. Ng5 Ke7 12. Qf3 cxd4 13. exd4 Qb6 14. O-O-O
Rac8 15. Rhe1 Qc6 16. Qe2 Nf8 17. g3 Rh5 18. h4 a6 19. Qd3 Qc4 20. Re3 Ng4 21.
Rf3 Qxd3 22. Rxf7+ Ke8 23. cxd3 Rxg5 24. Rxf8+ Bxf8 25. hxg5 Nxf2 26. Rf1 Nxd3+
27. Kc2 Nxb2 28. Kxb2 Bd6 29. Bf4 Bxa3+ 30. Kxa3 Rxc3+ 31. Kb4 Rc4+ 32. Ka5
Rxd4 33. Rb1 Re4 34. Rxb7 e5 35. Bd2 Rc4 36. Rxg7 Rc6 37. Bb4 Re6 38. Rg8+ Kd7
39. Rf8 d4 40. Rf6 Rxf6 41. gxf6 Ke6 42. Kxa6 Kxf6 43. Kb5 Kf5 44. Kc4 Ke4 45.
Bd2 Kf5 46. Kd3 g5 47. Be1 g4 48. Bd2 Kg6 49. Ke4 Kf6 50. Ba5 Ke6 51. Bc7 d3
52. Kxd3 Kf5 53. Ke3 e4 54. Bf4 Kf6 55. Kxe4 Ke6 56. Bg5 Kf7 57. Kf4 Kg6 58.
Kxg4 Kf7 59. Kf5 Kg7 60. g4 Kf7 61. Bh6 Kg8 62. g5 Kh8 63. Kf6 Kh7 64. Kf7 Kh8
65. Bf8 Kh7 66. g6+ Kh8 67. g7+ Kh7 68. g8=Q# 1-0

[Event "C.to Provinciale BI-VC"]
[Site "Valle Mosso ITA"]
[Date "2010.03.26"]
[Round "2"]
[White "Saviano, Sabato"]
[Black "Zannoni, Gianni"]
[Result "1-0"]
[WhiteElo "1684"]
[BlackElo "1845"]
[PlyCount "69"]
[EventDate "2010.03.12"]

1. d4 Nf6 2. c4 e6 3. a3 b6 4. Nc3 Bb7 5. Bg5 d5 6. cxd5 exd5 7. e3 Be7 8. Bd3
Ne4 9. Bxe7 Qxe7 10. Nge2 Nd7 11. Nf4 Nxc3 12. bxc3 Nf6 13. Qc2 Ne4 14. Bb5+
Kd8 15. O-O g5 16. Nd3 Nd6 17. Ba4 a5 18. Ne5 b5 19. Bb3 a4 20. Ba2 Nc4 21.
Bxc4 dxc4 22. Qf5 f6 23. Ng4 Bc8 24. Qd5+ Qd7 25. Qxa8 Qxg4 26. Qd5+ Bd7 27. f3
Qh5 28. f4 h6 29. f5 Ke7 30. e4 c6 31. Qc5+ Kf7 32. e5 Re8 33. Rae1 Kg7 34.
exf6+ Kxf6 35. Qd6+ 1-0

[Event "C.to Provinciale BI-VC"]
[Site "Valle Mosso ITA"]
[Date "2010.03.26"]
[Round "2"]
[White "Siclari, Alberto"]
[Black "Penna, Tommaso"]
[Result "1-0"]
[WhiteElo "1461"]
[BlackElo "1739"]
[PlyCount "52"]
[EventDate "2010.03.12"]

1. f4 g6 2. Nf3 Bg7 3. g3 d6 4. Bg2 e5 5. d3 exf4 6. Bxf4 Bxb2 7. Nbd2 Bxa1 8.
Qxa1 Qf6 9. Qb1 Nc6 10. Ne4 Qg7 11. O-O Nge7 12. Bd2 O-O 13. Bc3 f6 14. Qb2 Ne5
15. d4 Nxf3+ 16. Rxf3 d5 17. Nc5 b6 18. Nd3 Bf5 19. Nf2 Rfe8 20. Qb3 Qf7 21.
Bd2 Nc8 22. Rxf5 gxf5 23. Bxd5 Nd6 24. Bxf7+ Nxf7 25. Qf3 Rad8 26. Qxf5 Rxe2
1-0

[Event "C.to Provinciale BI-VC"]
[Site "Valle Mosso ITA"]
[Date "2010.03.26"]
[Round "2"]
[White "Siclari, Giovanni"]
[Black "Giordanetti, Giuseppe"]
[Result "0-1"]
[WhiteElo "1434"]
[BlackElo "1532"]
[PlyCount "44"]
[EventDate "2010.03.12"]

1. f4 Nf6 2. Nf3 d5 3. g3 c6 4. Bg2 e6 5. e3 Nbd7 6. O-O Bd6 7. d3 O-O 8. c3 e5
9. d4 exf4 10. exf4 Re8 11. Ne5 Nf8 12. Nd2 Qc7 13. Re1 Bf5 14. h3 h6 15. g4
Bh7 16. c4 Ng6 17. c5 Bf8 18. Ndf3 b6 19. f5 Nxe5 20. dxe5 Bxc5+ 21. Kh1 Ne4
22. Bf4 Nf2+ 0-1

[Event "C.to Provinciale BI-VC"]
[Site "Valle Mosso ITA"]
[Date "2010.03.26"]
[Round "2"]
[White "Squara, Marco"]
[Black "Isoardi, Luigi"]
[Result "1-0"]
[WhiteElo "1824"]
[BlackElo "1425"]
[PlyCount "89"]
[EventDate "2010.03.12"]

1. d4 d5 2. c4 c6 3. cxd5 cxd5 4. Nc3 Nf6 5. Bf4 e6 6. e3 Bd6 7. Bxd6 Qxd6 8.
Bd3 Bd7 9. Nf3 Nc6 10. O-O Nb4 11. Ne5 Nxd3 12. Qxd3 O-O 13. e4 Bc6 14. Nxc6
bxc6 15. e5 Qe7 16. exf6 Qxf6 17. Rfe1 Rab8 18. b3 Rfc8 19. Na4 Rb4 20. Rad1 a5
21. Nc5 Rb5 22. Nd7 Qe7 23. Ne5 Qb7 24. Nf3 h6 25. Re5 c5 26. dxc5 Rbxc5 27. h3
Rc2 28. Ree1 Qb6 29. Qd4 Qa6 30. Rd2 R2c5 31. Qg4 Qd6 32. Nd4 a4 33. Rd3 a3 34.
f4 Rc1 35. Rdd1 Qc5 36. Rxc1 Qxd4+ 37. Kh2 Rxc1 38. Rxc1 Qb2 39. Qd1 g6 40. Rc2
Qf6 41. g3 Qf5 42. Qc1 d4 43. Rc8+ Kg7 44. Qc5 Qxc5 45. Rxc5 1-0

[Event "C.to Provinciale BI-VC"]
[Site "Valle Mosso ITA"]
[Date "2010.03.26"]
[Round "2"]
[White "Tibaldeschi, Attilio"]
[Black "Bozio, Stefano"]
[Result "1-0"]
[WhiteElo "1750"]
[BlackElo "1386"]
[PlyCount "55"]
[EventDate "2010.03.12"]

1. Nf3 d5 2. b3 f6 3. Bb2 e5 4. d3 Bc5 5. Nbd2 Bf5 6. e3 Ne7 7. Be2 e4 8. Nd4
Bxd4 9. Bxd4 exd3 10. cxd3 Nbc6 11. Bb2 Nb4 12. Nf3 c5 13. O-O Nec6 14. a3 Na6
15. Rc1 Qb6 16. Re1 O-O-O 17. Qc2 Be6 18. d4 cxd4 19. Nxd4 Kd7 20. Nxe6 Kxe6
21. Bd4 Nxd4 22. exd4 Kd6 23. Qd3 Qa5 24. b4 Qb6 25. Qg3+ Kd7 26. Qxg7+ Kd6 27.
Qxf6+ Kd7 28. Bg4+ 1-0

[Event "C.to Provinciale BI-VC"]
[Site "Valle Mosso ITA"]
[Date "2010.03.26"]
[Round "2"]
[White "Ubezio, Marco"]
[Black "Avetta Gianmario"]
[Result "1-0"]
[WhiteElo "2139"]
[BlackElo "1703"]
[PlyCount "67"]
[EventDate "2010.03.12"]

1. d4 d5 2. c4 Nf6 3. cxd5 Qxd5 4. Nc3 Qh5 5. Qb3 c6 6. e4 e6 7. Nge2 Nbd7 8.
Nf4 Qa5 9. Bd3 Qb6 10. Qc4 e5 11. O-O Qxd4 12. Nfe2 Qxc4 13. Bxc4 Bc5 14. Ng3
Nb6 15. Bb3 Ke7 16. Bg5 Rd8 17. Nh5 Bg4 18. Nxg7 Rg8 19. Nf5+ Bxf5 20. Bxf6+
Kxf6 21. exf5 Rg4 22. Rae1 Kxf5 23. Bxf7 Rf8 24. Bb3 h6 25. Ne4 Bb4 26. f3 Rg7
27. Rd1 Rd7 28. Rxd7 Nxd7 29. Rd1 Nb6 30. Kf2 Rc8 31. Ke3 Rc7 32. h4 Rd7 33. h5
Rxd1 34. g4# 1-0

[Event "C.to Provinciale BI-VC"]
[Site "Valle Mosso ITA"]
[Date "2010.04.02"]
[Round "3"]
[White "Atti Edoardo"]
[Black "Ubezio, Marco"]
[Result "0-1"]
[WhiteElo "1706"]
[BlackElo "2139"]
[PlyCount "54"]
[EventDate "2010.03.12"]

1. d4 Nf6 2. e3 d5 3. Nf3 c5 4. c3 Qc7 5. Ne5 Nc6 6. Bb5 e6 7. O-O Bd6 8. f4
Ne4 9. Qg4 f5 10. Qh5+ g6 11. Nxg6 Qf7 12. Be2 Qxg6 13. Nd2 Nxd2 14. Bxd2 Bd7
15. Qh4 Be7 16. Qh3 O-O-O 17. c4 Rhg8 18. g3 cxd4 19. a3 dxe3 20. Bxe3 d4 21.
Bd2 d3 22. Bf3 Nd4 23. Bd1 Ne2+ 24. Bxe2 Bc5+ 25. Kh1 dxe2 26. Rg1 Bc6+ 27. Rg2
Rxd2 0-1

[Event "C.to Provinciale BI-VC"]
[Site "Valle Mosso ITA"]
[Date "2010.04.02"]
[Round "3"]
[White "Avetta, Gianmario"]
[Black "Santo, Sebastiano"]
[Result "1-0"]
[WhiteElo "1703"]
[BlackElo "1469"]
[PlyCount "43"]
[EventDate "2010.03.12"]

1. d4 f5 2. g3 Nf6 3. c4 g6 4. Bg2 Bg7 5. Nc3 O-O 6. Nf3 d6 7. O-O Qe8 8. Qb3
Na6 9. Bf4 Rb8 10. Rad1 c5 11. d5 Nh5 12. Bc1 Bd7 13. Rfe1 f4 14. Ng5 fxg3 15.
hxg3 b5 16. Nxb5 Nc7 17. Nxc7 Rxb3 18. Nxe8 Rb8 19. Nxg7 Nxg7 20. Bh3 Bxh3 21.
Nxh3 Nf5 22. b3 1-0

[Event "C.to Provinciale BI-VC"]
[Site "Valle Mosso ITA"]
[Date "2010.04.02"]
[Round "3"]
[White "Bardone, Lorenzo"]
[Black "Lavino, Stefano"]
[Result "1/2-1/2"]
[WhiteElo "1515"]
[BlackElo "1755"]
[PlyCount "103"]
[EventDate "2010.03.12"]

1. e4 c6 2. d4 d5 3. e5 Bf5 4. Nf3 e6 5. Be2 c5 6. c4 Nc6 7. cxd5 exd5 8. Nc3
Bg6 9. dxc5 d4 10. Na4 Bxc5 11. Nxc5 Qa5+ 12. Bd2 Qxc5 13. Rc1 Qb6 14. b3 Nge7
15. O-O d3 16. Be3 dxe2 17. Qxe2 Qa5 18. Bc5 O-O 19. b4 Qd8 20. Rfd1 Qe8 21. b5
Nd8 22. Qd2 Ne6 23. Bd6 Qd7 24. Qb4 Rfe8 25. Bc5 Nd5 26. Qc4 Nxc5 27. Rxd5 Qe6
28. Rxc5 Qxc4 29. R5xc4 Bd3 30. Rc7 b6 31. a4 h6 32. h3 Be4 33. Re1 Bd5 34. Nd4
a6 35. Nc6 Bb3 36. Re4 axb5 37. axb5 Bd5 38. Re1 Bc4 39. Ne7+ Kf8 40. Ng6+ fxg6
41. Rxc4 Re6 42. Rc6 Rxc6 43. bxc6 Rc8 44. Rc1 Ke7 45. Kf1 g5 46. Ke2 Ke6 47.
c7 Kxe5 48. Rc6 b5 49. Rc5+ Kd6 50. Rxb5 Rxc7 51. Rb6+ Ke7 52. Rg6 1/2-1/2

[Event "C.to Provinciale BI-VC"]
[Site "Valle Mosso ITA"]
[Date "2011.04.02"]
[Round "3"]
[White "Bozio, Stefano"]
[Black "Saviano, Sabato"]
[Result "0-1"]
[WhiteElo "1386"]
[BlackElo "1684"]
[PlyCount "106"]
[EventDate "2010.03.12"]

1. e4 c6 2. Nf3 d5 3. exd5 cxd5 4. d4 Bg4 5. Be2 Nc6 6. Nc3 e6 7. O-O Nf6 8.
Re1 Bb4 9. Bg5 h6 10. Bh4 g5 11. Bg3 Ne4 12. Nxe4 dxe4 13. Nd2 Bxe2 14. Qxe2 f5
15. c3 Bf8 16. f3 f4 17. Bf2 e3 18. Bxe3 fxe3 19. Qxe3 Qd5 20. Qxe6+ Qxe6 21.
Rxe6+ Kd7 22. d5 Bc5+ 23. Kf1 Ne7 24. c4 Nf5 25. Rae1 Rae8 26. Ne4 Rxe6 27.
dxe6+ Kc6 28. Nxc5 Kxc5 29. Rd1 Nd4 30. b3 Re8 31. Kf2 Rxe6 32. Re1 Kb4 33.
Rxe6 Nxe6 34. Ke3 Ka3 35. g3 Kxa2 36. f4 gxf4+ 37. gxf4 Nxf4 38. Kxf4 Kxb3 39.
Kf5 a5 40. h4 a4 41. h5 a3 42. Kg6 a2 43. Kxh6 a1=Q 44. Kh7 Qf6 45. h6 b6 46.
Kg8 Qxh6 47. Kf7 Kxc4 48. Kg8 Qg6+ 49. Kh8 Qc6 50. Kg8 Qb7 51. Kh8 Kd5 52. Kg8
Ke6 53. Kh8 Kf6 0-1

[Event "C.to Provinciale BI-VC"]
[Site "Valle Mosso ITA"]
[Date "2010.04.02"]
[Round "3"]
[White "Ferrari, Lorenzo"]
[Black "Zannoni, Gianni"]
[Result "0-1"]
[WhiteElo "1652"]
[BlackElo "1845"]
[PlyCount "139"]
[EventDate "2010.03.12"]

1. f4 d5 2. e3 Nf6 3. Nf3 Bg4 4. Be2 e6 5. c3 c5 6. d3 Nc6 7. O-O Bd6 8. Nbd2
Qc7 9. a4 O-O 10. h3 Bf5 11. g4 Bg6 12. Nh4 h6 13. Ndf3 Bh7 14. Kh1 e5 15. Ng2
e4 16. Nfh4 exd3 17. Bxd3 Ne4 18. Rf3 Rad8 19. Kh2 g5 20. Nf5 Bxf5 21. gxf5 Ne7
22. Rf1 Nxf5 23. Qg4 Qd7 24. Rf3 Ng7 25. Qxd7 Rxd7 26. h4 g4 27. Rf1 h5 28. a5
c4 29. Bc2 Nf5 30. a6 b6 31. Ba4 Rdd8 32. Bc6 Ne7 33. Bb7 Nc5 34. Bd2 Rb8 35.
Be1 Nxb7 36. axb7 Rxb7 37. Bf2 Rd7 38. Ne1 Nf5 39. Kg2 Re8 40. Nc2 Bc5 41. Rfe1
a5 42. Re2 Be7 43. Nd4 Nxh4+ 44. Bxh4 Bxh4 45. Rh1 Bf6 46. Rxh5 Bxd4 47. cxd4
Re6 48. Kg3 Rg6 49. f5 Rg7 50. Reh2 f6 51. Rh8+ Kf7 52. Rb8 Re7 53. Rhh8 Rxe3+
54. Kg2 Re4 55. Rhf8+ Ke7 56. Rbe8+ Kd7 57. Rd8+ Kc6 58. Rxf6+ Kb5 59. Rxd5+
Ka6 60. Rdd6 Re2+ 61. Kg3 Rxb2 62. Rc6 Rb3+ 63. Kg2 c3 64. d5 Rb2+ 65. Kg3 c2
66. Rg6 Rh7 67. d6 a4 68. Rxg4 a3 69. Ra4+ Kb5 70. Rac4 0-1

[Event "C.to Provinciale BI-VC"]
[Site "Valle Mosso ITA"]
[Date "2010.04.02"]
[Round "3"]
[White "Giordanetti, Giuseppe"]
[Black "Mehmedovic, Dzevad"]
[Result "0-1"]
[WhiteElo "1532"]
[BlackElo "1410"]
[PlyCount "154"]
[EventDate "2010.03.12"]

1. e4 e5 2. Nf3 d6 3. d4 exd4 4. Nxd4 Be7 5. Bc4 Nf6 6. Nc3 a6 7. a4 c5 8. Nf3
h6 9. Qe2 Nc6 10. Be3 Bg4 11. h3 Bh5 12. g4 Bg6 13. Bf4 O-O 14. O-O Qc8 15. e5
dxe5 16. Nxe5 Nxe5 17. Bxe5 Re8 18. Qd1 Rd8 19. Qe2 Nh7 20. Rad1 h5 21. f3 hxg4
22. fxg4 Bf6 23. Bxf6 Nxf6 24. Nd5 Nxd5 25. Bxd5 Qc7 26. Qf2 Rf8 27. c4 Rae8
28. Rde1 b6 29. Re3 Rxe3 30. Qxe3 Qd7 31. b3 Re8 32. Qf3 Qe7 33. Rf2 Qe1+ 34.
Kg2 Re7 35. h4 Be4 36. Bxe4 Qxe4 37. h5 f6 38. Qxe4 Rxe4 39. Kg3 Kh7 40. Rf4
Re1 41. Kf2 Rb1 42. Rf3 Kh6 43. Kg3 g6 44. hxg6 Kxg6 45. Kf4 Rd1 46. Re3 Rf1+
47. Rf3 Rd1 48. Re3 Rd6 49. Re8 Kf7 50. Re4 a5 51. g5 fxg5+ 52. Kxg5 Rd3 53.
Rf4+ Ke7 54. Re4+ Kd6 55. Rf4 Rxb3 56. Rf6+ Ke5 57. Rf5+ Ke4 58. Rf4+ Ke3 59.
Kf5 Rb4 60. Ke5 Rxa4 61. Re4+ Kd3 62. Kd5 Rb4 63. Rg4 a4 64. Rg3+ Ke2 65. Rg2+
Kf3 66. Ra2 Ke3 67. Ra3+ Kd2 68. Ra2+ Kc3 69. Rh2 Rxc4 70. Rh3+ Kb4 71. Rh1 Rc3
72. Rh4+ c4 73. Rh6 Rb3 74. Kd4 b5 75. Rh5 a3 76. Rh8 a2 77. Ra8 Ra3 0-1

[Event "C.to Provinciale BI-VC"]
[Site "Valle Mosso ITA"]
[Date "2010.04.02"]
[Round "3"]
[White "Isoardi, Luigi"]
[Black "Curinga, Mauro"]
[Result "0-1"]
[WhiteElo "1425"]
[BlackElo "1560"]
[PlyCount "116"]
[EventDate "2010.03.12"]

1. d4 d5 2. Bf4 Nf6 3. h3 g6 4. Nf3 Bg7 5. e3 Bf5 6. Bd3 Bxd3 7. Qxd3 Nh5 8.
Bh2 O-O 9. Nbd2 b6 10. O-O c5 11. b3 Nc6 12. c3 cxd4 13. Nxd4 Qc8 14. Rfc1 e6
15. Rab1 a6 16. N2f3 b5 17. Nxc6 Qxc6 18. c4 Rac8 19. c5 Nf6 20. Bd6 Rfe8 21.
Ne5 Qa8 22. f3 Red8 23. Rc2 Ne8 24. Be7 Bxe5 25. Bxd8 Rxd8 26. Rbc1 b4 27. e4
Bc3 28. a3 a5 29. Qe2 Qc6 30. axb4 axb4 31. Rxc3 bxc3 32. Rxc3 Nc7 33. b4 dxe4
34. fxe4 Rd4 35. Rc4 Qb5 36. Rc2 Qxe2 37. Rxe2 Rxb4 38. Rc2 Rxe4 39. Kf2 Kf8
40. c6 Rd4 41. Ke3 Rd8 42. Ke4 Rc8 43. Ke5 Ke7 44. Rb2 Nd5 45. Rb7+ Rc7 46. Kd4
Kd6 47. Rb8 Rxc6 48. Rh8 h5 49. Rh7 e5+ 50. Kd3 f5 51. Rh6 Kc5 52. Rh8 Nf4+ 53.
Kd2 Nxg2 54. Re8 Rd6+ 55. Kc3 e4 56. Re5+ Kc6 57. Kb4 Nf4 58. Rc5+ Kd7 0-1

[Event "C.to Provinciale BI-VC"]
[Site "Valle Mosso ITA"]
[Date "2010.04.02"]
[Round "3"]
[White "Licco, Nunzio"]
[Black "Squara, Marco"]
[Result "0-1"]
[WhiteElo "1628"]
[BlackElo "1824"]
[PlyCount "136"]
[EventDate "2010.03.12"]

1. e4 c5 2. Ne2 Nc6 3. Nbc3 e6 4. d4 cxd4 5. Nxd4 d6 6. Bb5 Bd7 7. O-O Nf6 8.
Bg5 Be7 9. f4 Qb6 10. Bxc6 Bxc6 11. Kh1 Nxe4 12. Bxe7 Kxe7 13. Nxc6+ Qxc6 14.
Nxe4 Qxe4 15. f5 e5 16. Qd2 f6 17. Rae1 Qc6 18. Qd3 Rac8 19. c3 Qc4 20. Qf3 Rc7
21. a3 Qf7 22. Qe3 b6 23. Qd2 g6 24. Rd1 Rd7 25. Rf2 g5 26. Qd3 h5 27. h3 g4
28. h4 Rhd8 29. Rfd2 Qg8 30. g3 d5 31. Qb5 d4 32. c4 Kf7 33. Qc6 Qe8 34. Qe4
Rd6 35. Kh2 Qc6 36. Qe2 Kg7 37. b3 e4 38. b4 e3 39. b5 Qf3 40. Qxf3 gxf3 41.
Rd3 e2 42. Rb1 f2 43. Rdd1 f1=Q 44. Rxf1 exf1=Q 45. Rxf1 d3 46. Rd1 d2 47. Kg2
Rc8 48. Kf3 Rxc4 49. Ke2 Rc1 50. Rxd2 Rxd2+ 51. Kxd2 Ra1 52. a4 Rxa4 53. Ke3
Rb4 54. Kf3 Rxb5 55. g4 Rb3+ 56. Kf4 Rb4+ 57. Kf3 Rxg4 58. Kf2 a5 59. Ke2 a4
60. Kd2 Rc4 61. Kd3 b5 62. Kd2 a3 63. Kd3 a2 64. Kd2 a1=Q 65. Kd3 Qa3+ 66. Kd2
Qb2+ 67. Kd3 Qb3+ 68. Kd2 Rc2+ 0-1

[Event "C.to Provinciale BI-VC"]
[Site "Valle Mosso ITA"]
[Date "2010.04.02"]
[Round "3"]
[White "Penna, Tommaso"]
[Black "Vanoli, Ottavio"]
[Result "1/2-1/2"]
[WhiteElo "1739"]
[BlackElo "1527"]
[PlyCount "102"]
[EventDate "2010.03.12"]

1. d4 Nf6 2. c4 g6 3. Nc3 Bg7 4. e4 d6 5. f3 Nbd7 6. Be3 c6 7. Bd3 Qb6 8. Qd2
O-O 9. Nge2 c5 10. O-O cxd4 11. Nxd4 Qd8 12. Nd5 Ne5 13. Be2 Bd7 14. Kh1 Nc6
15. Bg5 Nxd5 16. Nxc6 bxc6 17. cxd5 c5 18. Rae1 Re8 19. Bd3 a5 20. f4 a4 21. e5
Qb6 22. Bc4 Rab8 23. b3 axb3 24. axb3 Bb5 25. Qe2 Bd7 26. Ra1 f6 27. e6 Bb5 28.
Bh4 Bxc4 29. bxc4 Ra8 30. Rab1 Qa6 31. f5 g5 32. Bf2 Qa2 33. Rb2 Qa3 34. Rfb1
Qc3 35. Rb3 Qe5 36. Qc2 g4 37. Rb7 Bh6 38. Rd7 Bf4 39. g3 Bg5 40. Re1 Ra1 41.
Rxa1 Qxa1+ 42. Kg2 Kf8 43. Rb7 Qa3 44. Qb3 Qc1 45. Rb8 Rxb8 46. Qxb8+ Kg7 47.
Qe8 Qxc4 48. Qxe7+ Kh6 49. Qxd6 Qe4+ 50. Kg1 Qb1+ 51. Kg2 Qe4+ 1/2-1/2

[Event "C.to Provinciale BI-VC"]
[Site "Valle Mosso ITA"]
[Date "2010.04.02"]
[Round "3"]
[White "Santo, Elena"]
[Black "Siclari, Giovanni"]
[Result "0-1"]
[WhiteElo "1455"]
[BlackElo "1434"]
[PlyCount "94"]
[EventDate "2010.03.12"]

1. e4 e6 2. Nf3 d5 3. exd5 exd5 4. Be2 Nf6 5. d4 Bd6 6. O-O O-O 7. Bg5 Bf5 8.
Nc3 c6 9. a3 Nbd7 10. Nh4 Bg6 11. Nxg6 fxg6 12. Bg4 Qc7 13. g3 Rae8 14. Bf3 h6
15. Bxf6 Nxf6 16. Bg2 h5 17. Qd2 Ng4 18. b3 Nh6 19. Rae1 Nf5 20. Rxe8 Rxe8 21.
Qg5 Kh7 22. a4 Nxd4 23. Qd2 Nf5 24. Nd1 Qe7 25. Nb2 Qe2 26. Qxe2 Rxe2 27. Rc1
Ba3 28. Rb1 Bxb2 29. Rxb2 Nd4 30. h3 Rxc2 31. Rxc2 Nxc2 32. Bf3 Kg8 33. Bd1 Nd4
34. Kf1 a5 35. Ke1 Kf7 36. Kd2 Ke6 37. Kd3 c5 38. Kc3 Ke5 39. Kd3 Kf5 40. Ke3
Kg5 41. Kd3 h4 42. g4 Kf4 43. Be2 Nxe2 44. Kxe2 d4 45. f3 Kg3 46. Kd3 Kxh3 47.
Ke4 Kg3 0-1

[Event "C.to Provinciale BI-VC"]
[Site "Valle Mosso ITA"]
[Date "2010.04.02"]
[Round "3"]
[White "Scarrone, Alberto"]
[Black "Siclari, Alberto"]
[Result "1-0"]
[WhiteElo "1820"]
[BlackElo "1461"]
[PlyCount "135"]
[EventDate "2010.03.12"]

1. d4 f5 2. g3 Nf6 3. Bg2 g6 4. Nh3 Bg7 5. Nf4 O-O 6. h4 Qe8 7. Nc3 c6 8. h5 g5
9. h6 Bh8 10. Nd3 g4 11. Bf4 d6 12. Qd2 Na6 13. O-O-O b5 14. Rde1 Rb8 15. e4
Qf7 16. e5 b4 17. exd6 bxc3 18. Qxc3 Nd5 19. Bxd5 Qxd5 20. dxe7 Re8 21. Bxb8
Bxd4 22. Qb3 Qxb3 23. axb3 Nxb8 24. Re2 Kf7 25. Rhe1 Bf6 26. Ne5+ Kg8 27. Nc4
Bg5+ 28. Kd1 Ba6 29. Re5 Bxc4 30. bxc4 Kf7 31. Rxf5+ Bf6 32. Rf4 Rxe7 33. Rxe7+
Kxe7 34. c3 Nd7 35. Rxg4 Ne5 36. Re4 Kd6 37. f4 Nf7 38. g4 Nxh6 39. g5 Ng4 40.
Ke2 Be7 41. Kf3 Nh2+ 42. Kg2 Ng4 43. Kg3 Nf6 44. gxf6 Bxf6 45. Kg4 a5 46. Kf5
Bh4 47. Re8 Bf2 48. Re2 Bg1 49. Re6+ Kc5 50. Rh6 Be3 51. Rxh7 Kxc4 52. Ke4 Bc1
53. Rb7 a4 54. Rb4+ Kc5 55. Rxa4 Bxb2 56. Kd3 Bc1 57. f5 Bg5 58. Rg4 Be7 59.
Re4 Bd6 60. Re6 Kd5 61. Rxd6+ Kxd6 62. Kc4 c5 63. f6 Ke6 64. Kxc5 Kxf6 65. Kc6
Ke6 66. c4 Ke7 67. c5 Kd8 68. Kb7 1-0

[Event "C.to Provinciale BI-VC"]
[Site "Valle Mosso ITA"]
[Date "2010.04.02"]
[Round "3"]
[White "Tibaldeschi, Attilio"]
[Black "Caldi, Mario"]
[Result "1/2-1/2"]
[WhiteElo "1750"]
[BlackElo "1819"]
[PlyCount "115"]
[EventDate "2010.03.12"]

1. Nf3 d5 2. b3 c5 3. Bb2 Nc6 4. d3 f6 5. Nbd2 e5 6. e3 Bd6 7. Be2 Nge7 8. O-O
O-O 9. Rc1 Be6 10. h3 Rc8 11. Nh2 Qd7 12. c3 b6 13. a3 Bb8 14. e4 Ng6 15. exd5
Bxd5 16. Bf3 Nf4 17. Ne4 Rfd8 18. Ng4 Qf7 19. c4 Be6 20. Nexf6+ Kh8 21. Nd5
Nxd5 22. cxd5 Bxd5 23. Bxd5 Qxd5 24. Re1 Qxd3 25. Qxd3 Rxd3 26. Rc3 Rxc3 27.
Bxc3 Nd4 28. Nxe5 Kg8 29. Nf3 Nxf3+ 30. gxf3 Kf7 31. Re4 g6 32. Rc4 b5 33. Rh4
h5 34. b4 a6 35. bxc5 Rxc5 36. Bb4 Rc4 37. Re4 Kf6 38. Re8 Bf4 39. Ra8 Rc6 40.
Rf8+ Ke5 41. Re8+ Kd5 42. h4 Re6 43. Rf8 Be5 44. f4 Bf6 45. Kg2 Bxh4 46. f5
gxf5 47. Rxf5+ Re5 48. Rf3 Be7 49. Rd3+ Kc4 50. Rc3+ Kd4 51. Rc6 Kd5 52. Rxa6
Bxb4 53. axb4 Kd4 54. Rc6 Ke4 55. Rc3 Kd4 56. Rc2 Kd3 57. Rc5 Kd4 58. Rc2
1/2-1/2

[Event "C.to Provinciale BI-VC"]
[Site "Valle Mosso ITA"]
[Date "2010.04.09"]
[Round "4"]
[White "Abbruzzo, Thomas"]
[Black "Giordanetti, Giuseppe"]
[Result "0-1"]
[WhiteElo "1389"]
[BlackElo "1532"]
[PlyCount "58"]
[EventDate "2010.03.12"]

1. e4 c5 2. Nf3 e6 3. Nc3 a6 4. a3 Nc6 5. a4 b6 6. Bc4 Bb7 7. b3 d6 8. O-O Be7
9. Ba3 Nf6 10. b4 cxb4 11. Bxb4 Nxb4 12. Re1 Rc8 13. d3 O-O 14. Qd2 Nc6 15.
Reb1 Qc7 16. Ne2 Rfd8 17. Bb3 d5 18. exd5 Nxd5 19. Ng3 Bf6 20. d4 Na5 21. Rc1
Nc3 22. Qd3 e5 23. Nh5 Qe7 24. Nxf6+ Qxf6 25. dxe5 Qf4 26. Qf1 Bxf3 27. gxf3
Qxf3 28. e6 Nxb3 29. cxb3 Ne2+ 0-1

[Event "C.to Provinciale BI-VC"]
[Site "Valle Mosso ITA"]
[Date "2010.04.09"]
[Round "4"]
[White "Bardone, Lorenzo"]
[Black "Penna, Tommaso"]
[Result "0-1"]
[WhiteElo "1515"]
[BlackElo "1739"]
[PlyCount "128"]
[EventDate "2010.03.12"]

1. e4 Nf6 2. e5 Nd5 3. d4 d6 4. c4 Nb6 5. exd6 exd6 6. Nc3 Bf5 7. Nf3 Be7 8.
Be2 O-O 9. O-O Bf6 10. b3 Nc6 11. Bb2 Re8 12. Re1 d5 13. c5 Nc8 14. Qd2 N8e7
15. Bd3 Nxd4 16. Nxd4 Bxd4 17. Bxf5 Nxf5 18. Rxe8+ Qxe8 19. Nxd5 Qc6 20. Qxd4
Nxd4 21. Ne7+ Kf8 22. Nxc6 Nxc6 23. Re1 Rd8 24. Bc3 Nd4 25. Kf1 Ne6 26. b4 c6
27. a3 Rd3 28. Rc1 f6 29. g3 Nc7 30. Ke2 Rd5 31. Rd1 Nb5 32. Bb2 Rxd1 33. Kxd1
h5 34. Ke2 Kf7 35. Kf3 Ke6 36. Ke4 g6 37. h3 Nc7 38. g4 hxg4 39. hxg4 Nd5 40.
f4 f5+ 41. gxf5+ gxf5+ 42. Kf3 Kf7 43. Be5 Kg6 44. Kg3 Kh5 45. Bd4 Kg6 46. Be5
Ne3 47. Kf3 Nc4 48. a4 a6 49. Bc3 b5 50. a5 Kh5 51. Kg3 Ne3 52. Be1 Kg6 53. Kf3
Nd5 54. Bd2 Kf6 55. Kf2 Ke6 56. Ke2 Nf6 57. Ke3 Kd5 58. Kd3 Ne4 59. Be3 Ng3 60.
Bf2 Nh5 61. Be3 Nf6 62. Bd2 Ng4 63. Be1 Nh2 64. Bf2 Nf3 0-1

[Event "C.to Provinciale BI-VC"]
[Site "Valle Mosso ITA"]
[Date "2010.04.09"]
[Round "4"]
[White "Caldi, Mario"]
[Black "Atti, Edoardo"]
[Result "1-0"]
[WhiteElo "1819"]
[BlackElo "1706"]
[PlyCount "87"]
[EventDate "2010.03.12"]

1. e4 e5 2. Nf3 Nc6 3. Bc4 Bc5 4. c3 Nf6 5. d4 exd4 6. cxd4 Bb4+ 7. Nc3 O-O 8.
Bg5 h6 9. Bh4 Be7 10. e5 Nh7 11. Bxe7 Qxe7 12. O-O a6 13. a3 b5 14. Ba2 Qd8 15.
Rc1 Ne7 16. Qd3 d6 17. Rfd1 Bf5 18. Qd2 Qd7 19. Nd5 Nxd5 20. Bxd5 Rac8 21. Bc6
Qe6 22. d5 Qg6 23. Nh4 Qg4 24. Nxf5 Qxf5 25. Bb7 Rce8 26. Rxc7 Qxe5 27. Bxa6
Ng5 28. Bxb5 Ne4 29. Qd4 Qxd4 30. Rxd4 Re5 31. f4 Ree8 32. Bxe8 Rxe8 33. b4 f5
34. a4 Nf6 35. h3 Re1+ 36. Kf2 Ra1 37. b5 Ne4+ 38. Rxe4 fxe4 39. Rc4 Ra2+ 40.
Ke3 Rxg2 41. Kxe4 Re2+ 42. Kf5 Rb2 43. h4 Rxb5 44. axb5 1-0

[Event "C.to Provinciale BI-VC"]
[Site "Valle Mosso ITA"]
[Date "2010.04.09"]
[Round "4"]
[White "Curinga, Mauro"]
[Black "Mehmedovic, Dzevad"]
[Result "1-0"]
[WhiteElo "1560"]
[BlackElo "1410"]
[PlyCount "129"]
[EventDate "2010.03.12"]

1. e4 e5 2. Nf3 d6 3. Bc4 h6 4. Nc3 Nf6 5. d3 a6 6. Be3 Nc6 7. a3 Be7 8. O-O
O-O 9. Nd5 Nh7 10. b4 b5 11. Bb3 Be6 12. a4 Qd7 13. Qd2 Bf6 14. axb5 axb5 15.
c3 Ne7 16. Nxf6+ Nxf6 17. Bxe6 Qxe6 18. h3 Nh7 19. Qb2 Ng6 20. Ra3 Nf4 21. Bxf4
exf4 22. Rfa1 Rxa3 23. Rxa3 c6 24. Nd4 Qd7 25. Qd2 g5 26. Nf5 Qe6 27. Qe2 d5
28. Nd4 Qd6 29. exd5 Qxd5 30. Qe4 Rd8 31. Qxd5 Rxd5 32. Nxc6 Rxd3 33. Nd4 Nf6
34. Nxb5 f3 35. c4 Rd1+ 36. Kh2 fxg2 37. Kxg2 Rb1 38. Ra4 Ne4 39. f3 Rb2+ 40.
Kf1 Nd2+ 41. Kg2 Nxc4+ 42. Kg3 Ne5 43. Nd4 h5 44. h4 g4 45. fxg4 hxg4 46. b5
Kg7 47. Ra3 Kg6 48. Rb3 Rxb3+ 49. Nxb3 f5 50. b6 Nd7 51. b7 Kf6 52. Kf4 Kg6 53.
Nd4 Nb8 54. Nxf5 Kh5 55. Kg3 Nd7 56. Ne3 Nb8 57. Nxg4 Nd7 58. Nf6+ Nxf6 59.
b8=Q Ne4+ 60. Kf4 Nf6 61. Qh8+ Kg6 62. Qc8 Nd5+ 63. Ke5 Ne3 64. Qg8+ Kh6 65.
Kf6 1-0